Analýza vybraných solidifikačných mikroštruktúr častíc RS prášku zliatiny Ch3F12 : Diplomová práca

Salvato in:
Dettagli Bibliografici
Autore principale: Gabriš, Jozef (Autore)
Altri autori: Kusý, Martin, 1975- (xxx)
Natura: Manoscritto Libro
Lingua:slovacco
Pubblicazione: Trnava : STU v Bratislave MtF KMI, 2001
Soggetti:
Tags: Aggiungi Tag
Nessun Tag, puoi essere il primo ad aggiungerne!!

MARC

LEADER 00000ntm a22000003a 4500
001 stu82349
005 20160719154831.6
008 031105s2001----xo------------------slo-d
040 |a STU  |b slo 
041 0 |a slo 
044 |a xo 
100 1 |a Gabriš, Jozef  |4 aut 
245 1 |a Analýza vybraných solidifikačných mikroštruktúr častíc RS prášku zliatiny Ch3F12 :  |b Diplomová práca 
260 |a Trnava :  |b STU v Bratislave MtF KMI,  |c 2001 
300 |a 62 s  |c abstr. 
650 7 |a nerovnovážna solidifikácia  |2 stusub 
650 7 |a rozstrekovanie taveniny  |2 stusub 
650 7 |a materiálové inžinierstvo  |2 stusub 
700 1 |a Kusý, Martin,  |d 1975-  |4 xxx  |u M1000  |U MTF Materiálovotechnologická fakulta  |T MTF Ústav materiálov  |X 2764  |U M1000  |Y 81  |7 A000002764